Principles & practice of marketing / (Record no. 1763)

000 -LEADER
fixed length control field 00550nam a22001937a 4500
003 - CONTROL NUMBER IDENTIFIER
control field OSt
005 - DATE AND TIME OF LATEST TRANSACTION
control field 20150506094118.0
008 - FIXED-LENGTH DATA ELEMENTS--GENERAL INFORMATION
fixed length control field 150506b xxu||||| |||| 00| 0 eng d
020 ## - INTERNATIONAL STANDARD BOOK NUMBER
International Standard Book Number 9781408011478
050 ## - LIBRARY OF CONGRESS CALL NUMBER
Classification number HF5415 .B69 2009
100 ## - MAIN ENTRY--PERSONAL NAME
Personal name Blythe, Jim
245 ## - TITLE STATEMENT
Title Principles & practice of marketing /
Statement of responsibility, etc Jim Blythe.
250 ## - EDITION STATEMENT
Edition statement 2nd ed.
260 ## - PUBLICATION, DISTRIBUTION, ETC. (IMPRINT)
Place of publication, distribution, etc london, UK.
Name of publisher, distributor, etc southwestern cencage learning
Date of publication, distribution, etc 2009
300 ## - PHYSICAL DESCRIPTION
Extent xxi, 744p.
Other physical details col. ill
504 ## - BIBLIOGRAPHY, ETC. NOTE
Bibliography, etc Includes bibliographical references and index.
650 ## - SUBJECT ADDED ENTRY--TOPICAL TERM
Source of heading or term Marketing.
942 ## - ADDED ENTRY ELEMENTS (KOHA)
Source of classification or shelving scheme
Koha item type Book
Holdings
Withdrawn status Lost status Source of classification or shelving scheme Damaged status Not for loan Home library Current library Shelving location Date acquired Total Checkouts Total Renewals Full call number Barcode Date last seen Date checked out Copy number Price effective from Koha item type
          Riara University Library Riara University Library General stack 06/05/2015 5 1 HF5415 .B69 2009 5762/15 07/12/2017 01/11/2017 C.1 06/05/2015 Book

Riara University Library,
P.O. Box 49940-00100,
Nairobi, Kenya.